[Event "MNT-ch U16"]
[Site "Cetinje"]
[Date "2018.05.22"]
[Round "8"]
[White "Aleksic, Filip"]
[Black "Kalezic, Bojan"]
[Result "0-1"]
[WhiteElo "1646"]
[BlackElo "1722"]
[PlyCount "28"]
[EventDate "2018.05.18"]
[EventType "tourn"]
[EventRounds "9"]
[EventCountry "MNE"]
[SourceTitle "EXT 2019"]
[Source "ChessBase"]
[SourceDate "2018.10.10"]
[SourceVersion "1"]
[SourceVersionDate "2018.10.10"]
[SourceQuality "1"]

1. d4 Nf6 2. Nf3 g6 3. Bf4 Bg7 4. e3 d6 5. h3 0-0 6. Be2 Nbd7 7. 0-0 Re8 8. c4 Ne4 9. Nbd2 Nxd2 10. Nxd2 e5 11. Bh2 exd4 12. exd4 Bxd4 13. Rb1 Nc5 14. b3 Bf5 0-1

[Event "EU-Cup 33rd"]
[Site "Antalya"]
[Date "2017.10.13"]
[Round "6.6"]
[White "Aleksic, Filip"]
[Black "Hajra, Driton"]
[Result "0-1"]
[WhiteElo "1654"]
[BlackElo "2040"]
[PlyCount "94"]
[EventDate "2017.10.08"]
[EventType "team-swiss"]
[EventRounds "7"]
[EventCountry "TUR"]
[SourceTitle "CBM 181"]
[Source "ChessBase"]
[SourceDate "2017.11.10"]
[SourceVersion "1"]
[SourceVersionDate "2017.11.10"]
[SourceQuality "1"]
[WhiteTeam "Elektroprivreda"]
[BlackTeam "Pristina"]
[WhiteTeamCountry "MNE"]
[BlackTeamCountry "KOS"]

1. d4 Nf6 2. Nf3 g6 3. g3 Bg7 4. Bg2 0-0 5. b3 d5 6. 0-0 c6 7. Nbd2 Re8 8. Re1 Bf5 9. Nh4 Ne4 10. Nxe4 Bxe4 11. f3 Bf5 12. c3 c5 13. Bf4 Be6 14. Qd2 cxd4 15. cxd4 Nc6 16. Be3 Qb6 17. Red1 g5 18. Bxg5 Qxd4+ 19. Kf1 Qxd2 20. Bxd2 Bxa1 21. Rxa1 f6 22. Rd1 Rad8 23. f4 Bf7 24. Bf3 e5 25. fxe5 Nxe5 26. Bg2 Ng4 27. h3 Ne3+ 28. Bxe3 Rxe3 29. Nf5 Re5 30. Nd4 Rc8 31. Kf2 Kf8 32. Bf3 a6 33. Kg2 Rc3 34. Kf2 Bg6 35. Kg2 Ke7 36. g4 Be4 37. Rd2 h5 38. Kh2 hxg4 39. hxg4 Kd6 40. Kg3 Re8 41. Kf2 Ke5 42. Kg3 Re7 43. Kg2 Bd3 44. e3 Be4 45. Kf2 Rh7 46. Bxe4 dxe4 47. Nf5 Rh2+ 0-1